[Event "Bergen Grand Prix op"]
[Site "Bergen"]
[Date "2016.11.11"]
[Round "2"]
[White "Otterlei, Olav"]
[Black "Jacobsen, Trond"]
[Result "1-0"]
[WhiteElo "1766"]
[BlackElo "1621"]
[PlyCount "49"]
[EventDate "2016.11.11"]
[EventType "swiss"]
[EventRounds "5"]
[EventCountry "NOR"]
[SourceTitle "CBM 175 Extra"]
[Source "ChessBase"]
[SourceDate "2016.12.12"]
[SourceVersion "1"]
[SourceVersionDate "2016.12.12"]
[SourceQuality "1"]

1. c4 c5 2. e3 Nc6 3. a3 d6 4. Qc2 Nf6 5. Nf3 g6 6. Nc3 Bg7 7. d4 Bg4 8. d5 Bxf3 9. gxf3 Ne5 10. Be2 0-0 11. f4 Ned7 12. Bd2 b6 13. h4 e6 14. dxe6 fxe6 15. 0-0-0 Rb8 16. h5 Nxh5 17. Bxh5 gxh5 18. Rxh5 Nf6 19. Rg5 Kf7 20. Ne4 h6 21. Rxg7+ Kxg7 22. Bc3 d5 23. Rg1+ Kh8 24. Nxf6 Rxf6 25. Qg6 1-0

[Event "Graz Casino op-B"]
[Site "Graz"]
[Date "2014.02.16"]
[Round "4"]
[White "Grosse, Manfred"]
[Black "Jacobsen, Trond"]
[Result "0-1"]
[WhiteElo "1983"]
[BlackElo "1641"]
[PlyCount "68"]
[EventDate "2014.02.14"]
[EventType "swiss"]
[EventRounds "9"]
[EventCountry "AUT"]
[SourceTitle "CBM 158 Extra"]
[Source "ChessBase"]
[SourceDate "2014.02.28"]
[SourceVersion "1"]
[SourceVersionDate "2014.02.28"]
[SourceQuality "1"]

1. e4 c5 2. Nf3 d6 3. Bb5+ Bd7 4. a4 Nc6 5. c3 Nf6 6. Bd3 Bg4 7. Bc2 Ne5 8. d4 Nxf3+ 9. gxf3 Bh5 10. a5 e6 11. Ba4+ Nd7 12. dxc5 dxc5 13. Bf4 f6 14. Na3 e5 15. Be3 Bf7 16. Nb5 Qb8 17. Nxa7 Be6 18. Nb5 Rxa5 19. b3 b6 20. c4 Be7 21. h4 Kf7 22. h5 Rd8 23. Qc2 Nf8 24. Ke2 Bd7 25. Rhg1 Ne6 26. Rad1 Bxb5 27. Bxb5 Rxd1 28. Rxd1 Nd4+ 29. Bxd4 exd4 30. Bc6 Qh2 31. Bd5+ Ke8 32. Qb2 Qxh5 33. Ra1 Qe5 34. Rxa5 d3+ 0-1

[Event "Oslo Sveins op 5th"]
[Site "Oslo"]
[Date "2012.06.22"]
[Round "3"]
[White "Roholdt, Njaal"]
[Black "Jacobsen, Trond"]
[Result "1-0"]
[WhiteElo "1756"]
[BlackElo "1610"]
[PlyCount "130"]
[EventDate "2012.06.22"]
[EventType "swiss"]
[EventRounds "9"]
[EventCountry "NOR"]
[SourceTitle "CBM 149 Extra"]
[Source "ChessBase"]
[SourceDate "2012.08.24"]
[SourceVersion "1"]
[SourceVersionDate "2012.08.24"]
[SourceQuality "1"]

1. e4 c5 2. Nf3 d6 3. d4 cxd4 4. Nxd4 Nf6 5. Nc3 a6 6. a4 e6 7. Bg5 Be7 8. Bd3 Qb6 9. Nb3 Bd7 10. a5 Qc7 11. 0-0 Bc6 12. Be3 Nbd7 13. f4 e5 14. f5 Bd8 15. Qf3 Be7 16. Qg3 g6 17. fxg6 hxg6 18. Qf2 Rh7 19. h3 d5 20. exd5 Nxd5 21. Nxd5 Bxd5 22. Nd2 Qc6 23. c4 Be6 24. Be4 Qc8 25. Qf3 f5 26. Bxb7 e4 27. Bxc8 exf3 28. Bxd7+ Bxd7 29. Rxf3 Bc6 30. Rg3 Kf7 31. Bf4 Bf6 32. Rb1 Rd8 33. Nf3 Bd4+ 34. Kh2 Bf6 35. Ng5+ Bxg5 36. Bxg5 Rd4 37. Rc1 f4 38. Rgc3 Rd2 39. R3c2 Rd4 40. b4 Ke6 41. Rf2 Rf7 42. Re2+ Kf5 43. h4 Kg4 44. b5 axb5 45. cxb5 Bxb5 46. Ra2 Rd6 47. Rb2 Ba6 48. Rb6 Rfd7 49. Rcc6 Rxc6 50. Rxc6 Bd3 51. Rc5 Ra7 52. Bf6 f3 53. gxf3+ Kxf3 54. Bd8 Ra6 55. Bb6 Kg4 56. Rc3 Bf5 57. Rc4+ Kh5 58. Kg3 Ra8 59. Rc2 Kh6 60. Be3+ g5 61. Rc6+ Kh7 62. a6 gxh4+ 63. Kxh4 Bd3 64. a7 Kg7 65. Kg5 Kf7 1-0

[Event "Oslo op ELO"]
[Site "Oslo"]
[Date "2011.10.02"]
[Round "4"]
[White "Rodsmoen, Maud"]
[Black "Jacobsen, Trond"]
[Result "1-0"]
[WhiteElo "1817"]
[BlackElo "1674"]
[PlyCount "99"]
[EventDate "2011.10.02"]
[EventType "swiss"]
[EventRounds "9"]
[EventCountry "NOR"]
[SourceTitle "EXT 2023"]
[Source "ChessBase"]
[SourceDate "2022.10.05"]
[SourceVersion "1"]
[SourceVersionDate "2022.10.05"]
[SourceQuality "1"]

1. e4 c5 2. Nf3 d6 3. d4 cxd4 4. Nxd4 Nf6 5. Nc3 a6 6. Bc4 e6 7. 0-0 Be7 8. Re1 0-0 9. Re3 Nc6 10. Nxc6 bxc6 11. Rg3 Qc7 12. Bh6 Ne8 13. Qg4 Bf6 14. Bb3 e5 15. Qh5 Kh8 16. Bg5 Qe7 17. Bxf6 Nxf6 18. Qg5 Rg8 19. Rd1 Be6 20. Bxe6 Qxe6 21. f4 exf4 22. Rf3 Nxe4 23. Qxf4 Nxc3 24. Rxc3 d5 25. Re3 Qd7 26. c4 Rge8 27. Red3 Re4 28. Qxe4 Qa7+ 29. Qe3 Qxe3+ 30. Rxe3 dxc4 31. Rde1 g6 32. Re8+ Rxe8 33. Rxe8+ Kg7 34. Ra8 Kf6 35. Rxa6 Ke5 36. Rxc6 Kd5 37. Rc7 f5 38. a4 h5 39. a5 Kd6 40. Rxc4 Kd5 41. Rc1 f4 42. a6 f3 43. a7 f2+ 44. Kxf2 g5 45. a8Q+ Ke5 46. Qe8+ Kf4 47. Rc4+ Kf5 48. Qe4+ Kf6 49. Rc6+ Kf7 50. Qh7+ 1-0